000 00585nam a2200181Ia 4500
005 20250923145829.0
008 008 250917s9999 xx 000 0 eng d
037 _aReference
040 _aDSWL
_beng
_cDSWL
041 _aeng
_2eng
084 _aY:5.2'N81, N87
_qDSWL
245 0 _aSeries 28, Delhi
_c by Census of India
260 _aDelhi
_b Director of census operation
_c1987
300 _avii,65p.
490 _vPaper 1 of 1987, Households & population by language mainly spoken in the Household
942 _cREF
_hY:5.2'N81, N87
999 _c1456233
_d1456233